Annals of the American Academy of Political and Social Science, Vol.513, January 1991 (Record no. 1076515)

MARC details
000 -LEADER
fixed length control field 00803nam a2200265Ia 4500
003 - CONTROL NUMBER IDENTIFIER
control field OSt
005 - DATE AND TIME OF LATEST TRANSACTION
control field 20221006143238.0
008 - FIXED-LENGTH DATA ELEMENTS--GENERAL INFORMATION
fixed length control field 221006b |||||||| |||| 00| 0 eng d
037 ## - SOURCE OF ACQUISITION
Terms of availability Textual
040 ## - CATALOGING SOURCE
Original cataloging agency EASL
Transcribing agency EASL
Language of cataloging eng
041 ## - LANGUAGE CODE
Source of code eng
Language code of text/sound track or separate title eng
100 ## - MAIN ENTRY--PERSONAL NAME
Personal name LEVINE Solomon B Ed.
9 (RLIN) 451258
245 #0 - TITLE STATEMENT
Title Annals of the American Academy of Political and Social Science, Vol.513, January 1991
Remainder of title Japan's external economic relation
260 ## - PUBLICATION, DISTRIBUTION, ETC.
Place of publication, distribution, etc. London
Name of publisher, distributor, etc. Sage Pub.
Date of publication, distribution, etc. 1991
300 ## - PHYSICAL DESCRIPTION
Extent 210p.
Dimensions cm.
490 ## - SERIES STATEMENT
Volume/sequential designation JEL
700 ## - ADDED ENTRY--PERSONAL NAME
Personal name TAIRA Koji Ed.
9 (RLIN) 338301
942 ## - ADDED ENTRY ELEMENTS (KOHA)
Classification part X65.42.M90, N1
Koha item type Textual
Source of classification or shelving scheme Colon Classification (CC)
Holdings
Withdrawn status Lost status Source of classification or shelving scheme Damaged status Not for loan Home library Current library Date acquired Serial Enumeration / chronology Total Checkouts Full call number Barcode Date last seen Price effective from Koha item type
    Colon Classification (CC)     Department of East Asian Studies Library Department of East Asian Studies Library 2022-10-06 JEL   X65.42.M90 N1 EA1011522 2022-10-06 2022-10-06 Textual
Copyright @ Delhi University Library System